| 000 | 00953nam a22003017a 4500 | ||
|---|---|---|---|
| 003 | CHAP | ||
| 005 | 20220329134353.0 | ||
| 008 | 971013s1964 r 00010 d | ||
| 010 | _a19497 | ||
| 011 | _a20469 | ||
| 035 | _a24557 | ||
| 040 | _cCHAP | ||
| 082 |
_a020.3 _bD5 |
||
| 245 | _aDiccionario técnico de biblioteconomía, español-inglés, inglés-español | ||
| 260 |
_aMéxico, D.F. : _bCentro Regional de Ayuda Técnica, _c1964 |
||
| 300 | _a387 p. | ||
| 590 |
_aBATCH-UPD _b10 _c20130110 _lUCH01 _h2126 |
||
| 590 |
_aBATCH-UPD _b10 _c20130410 _lUCH01 _h1436 |
||
| 590 |
_aBATCH-UPD _b10 _c20130914 _lUCH01 _h0625 |
||
| 590 |
_aCONVERSION _b10 _c20130109 _lUCH01 _h1312 |
||
| 650 | 1 | 4 |
_aBiblioteconomía _xDiccionarios. _912576 |
| 700 | 0 |
_aGoy, Peter. _950142 |
|
| 700 | 0 |
_aMassa de Gil, Beatriz. _972801 |
|
| 700 | 0 |
_aTrautman, Rey. _9114703 |
|
| 901 | _aBK | ||
| 942 | _cLIBRO | ||
| 949 |
_a020.3 D5 _bBC _cB _d33724002056777 _eB _h4260 _i24557 _si |
||
| 999 |
_c19497 _d19497 |
||